000 00453nam a2200157Ia 4500
999 _c21457
_d21457
003 OSt
005 20201116123601.0
008 190216s9999||||xx |||||||||||||| ||und||
040 _coclc
082 _a954.02
_bRAY/H
100 _aRaychoudhary, S C
_93016
245 0 _aHistory Of Medieval India /
_cS C Raychoudhary
260 _bSurjeet Pubs,
_c2009.
_aDelhi:
300 _a371p
942 _cBK
_2ddc
_h954.02
_iRAY/H
_k954.02
_mRAY/H